| 000 | 00000nam##2200000za#4500 |
| 001 | 9.615753 |
| 003 | CaOODSP |
| 005 | 20221005083701 |
| 007 | ta |
| 008 | 150406|2001||||xxc||||| f|0| 0 eng|d |
| 020 | |a0-662-31034-9 |
| 040 | |aCaOODSP|beng |
| 043 | |an-cn--- |
| 086 | 1 |aH113-5/2001-3E |
| 110 | 1 |aCanada. |bPest Management Regulatory Agency. |
| 245 | 10|aDiscontinuation of the organophosphate insecticide Ethion |
| 260 | |aOttawa - Ontario : |bHealth Canada. |c2001. |
| 300 | |a4p. ; |c28 cm. |
| 490 | 1 |aRe-evaluation note |vREV 2001-03 |
| 563 | |aSoftcover |
| 590 | |a01-47|b2001-11-23 |
| 690 | 07|aInsecticides|2gcpds |
| 775 | 08|tCessation de l'usage de l'insecticide organophosphaté éthion |w(CaOODSP)9.625777 |
| 776 | 0#|tDiscontinuation of the organophosphate insecticide ethion |w(CaOODSP)9.557954 |
| 830 | #0|aRe-evaluation note (Canada. Pest Management Regulatory Agency)|vREV 2001-03|w(CaOODSP)9.514700 |